...Late Cenozoic geology of southern Florida, with a discussion of the ground water, (Record no. 27997)
[ view plain ]
| 000 -LEADER | |
|---|---|
| fixed length control field | 01651cam a22003851 4500 |
| 001 - CONTROL NUMBER | |
| control field | gs 44000154 |
| 003 - CONTROL NUMBER IDENTIFIER | |
| control field | DLC |
| 005 - DATE AND TIME OF LATEST TRANSACTION | |
| control field | 20260227111350.0 |
| 008 - FIXED-LENGTH DATA ELEMENTS--GENERAL INFORMATION | |
| fixed length control field | 750618s1944 xx 000 0 eng |
| 010 ## - LIBRARY OF CONGRESS CONTROL NUMBER | |
| LC control number | gs 44000154 |
| 035 ## - SYSTEM CONTROL NUMBER | |
| System control number | (OCoLC)1397917 |
| 040 ## - CATALOGING SOURCE | |
| Original cataloging agency | DLC |
| Transcribing agency | FM |
| Modifying agency | OCoLC |
| -- | DLC |
| 042 ## - AUTHENTICATION CODE | |
| Authentication code | premarc |
| 050 00 - LIBRARY OF CONGRESS CALL NUMBER | |
| Classification number | QE99 |
| Item number | .A3 no. 27 |
| 082 ## - DEWEY DECIMAL CLASSIFICATION NUMBER | |
| Classification number | 551.78 |
| 100 1# - MAIN ENTRY--PERSONAL NAME | |
| Personal name | Parker, Garald Gordon, |
| Dates associated with a name | 1905- |
| 245 10 - TITLE STATEMENT | |
| Title | ...Late Cenozoic geology of southern Florida, with a discussion of the ground water, |
| Statement of responsibility, etc. | by Garald G. Parker and C. Wythe Cooke... |
| 260 ## - PUBLICATION, DISTRIBUTION, ETC. | |
| Place of publication, distribution, etc. | Tallahassee, |
| Name of publisher, distributor, etc. | Published for the Florida Geological survey, |
| Date of publication, distribution, etc. | 1944. |
| 300 ## - PHYSICAL DESCRIPTION | |
| Extent | 119 p. |
| Other physical details | incl. illus., tables, plates (part fold.) maps (5 fold. in pocket) diagrs. |
| Dimensions | 24 c.m. . |
| 490 0# - SERIES STATEMENT | |
| Series statement | Florida. Geological survey. Bulletin |
| Volume/sequential designation | no. 27 |
| 500 ## - GENERAL NOTE | |
| General note | At head of title: State of Florida. Dept. of conservation. Florida Geological survey. S.E. Rice, supervisor of conservation. Herman Gunter, director, Geological survey. |
| 500 ## - GENERAL NOTE | |
| General note | "Prepared by the United States Geological survey in cooperation with the Florida Geological survey, Dade county, and the cities of Miami, Miami Beach, and Coral Gables." |
| 500 ## - GENERAL NOTE | |
| General note | "References": p. 113-115. |
| 650 #0 - SUBJECT ADDED ENTRY--TOPICAL TERM | |
| Topical term or geographic name entry element | Geology |
| Geographic subdivision | Florida. |
| 650 #0 - SUBJECT ADDED ENTRY--TOPICAL TERM | |
| Topical term or geographic name entry element | Geology, Stratigraphic |
| Chronological subdivision | Cenozoic. |
| 650 #0 - SUBJECT ADDED ENTRY--TOPICAL TERM | |
| Topical term or geographic name entry element | Groundwater |
| Geographic subdivision | Florida. |
| 650 #0 - SUBJECT ADDED ENTRY--TOPICAL TERM | |
| Topical term or geographic name entry element | Water-supply |
| Geographic subdivision | Florida. |
| 700 1# - ADDED ENTRY--PERSONAL NAME | |
| Personal name | Cooke, Charles, |
| Dates associated with a name | 1887- |
| Relator term | joint author. |
| 710 2# - ADDED ENTRY--CORPORATE NAME | |
| Corporate name or jurisdiction name as entry element | Geological Survey (U.S.) |
| 710 2# - ADDED ENTRY--CORPORATE NAME | |
| Corporate name or jurisdiction name as entry element | Florida Geological Survey |
| 710 1# - ADDED ENTRY--CORPORATE NAME | |
| Corporate name or jurisdiction name as entry element | Dade County (Fla.) |
| 710 1# - ADDED ENTRY--CORPORATE NAME | |
| Corporate name or jurisdiction name as entry element | Miami (Fla.) |
| 710 1# - ADDED ENTRY--CORPORATE NAME | |
| Corporate name or jurisdiction name as entry element | Miami Beach (Fla.) |
| 710 1# - ADDED ENTRY--CORPORATE NAME | |
| Corporate name or jurisdiction name as entry element | Coral Gables (Fla.) |
No items available.